000
00328nam a22001457a 4500
008
231004b ||||| |||| 00| 0 eng d
020
_a
0300034970
041
_a
eng
080
_a
316
082
_a
316KAY
100
_a
24
101
_a
SOCIOL
245
_a
THE SOCIAL MEANING OF MODERN BIOLOGY
_c
KAYE .L.H
942
_2
udc
_c
BK
999
_c
60415
_d
60415